Statistics for Translate the country to french

Click here to take the quiz!

General Stats

  • This quiz has been taken 12 times
  • The average score is 12 of 15

Answer Stats

HintAnswer% Correct
RussiaRussie
100%
CanadaCanada
92%
FranceFrance
92%
LaosLaos
92%
NigerNiger
92%
BrazilBrésil
83%
IndiaInde
83%
MaliMali
83%
MexicoMexique
83%
PanamaPanama
83%
ThailandThaïlande
75%
PeruPérou
67%
ChileChili
58%
IcelandIcelande
58%
GuyanaGuyana
50%

Score Distribution

Percentile by Number Answered

Percent of People with Each Score

Your Score History

You have not taken this quiz